Score 0/16 Timer 03:00
0 Plays Today
Hint Answer % Correct
Acting Baldwin
Brothers
Alec
96.2%
Teenage Mutant
Ninja Turtles
Donatello
84.8%
Teenage Mutant
Ninja Turtles
Michelangelo
81%
Teenage Mutant
Ninja Turtles
Raphael
80.7%
Teenage Mutant
Ninja Turtles
Leonardo
80.2%
Acting Baldwin
Brothers
Stephen
67.8%
Acting Baldwin
Brothers
William
62.5%
Parts of an
EGOT
Emmy
61.5%
Hint Answer % Correct
Parts of an
EGOT
Oscar
61.5%
Parts of an
EGOT
Grammy
61%
Parts of an
EGOT
Tony
60.8%
'The Original Kings
of Comedy'
Cedric the Entertainer
34.6%
Acting Baldwin
Brothers
Daniel
34.4%
'The Original Kings
of Comedy'
Bernie Mac
34.2%
'The Original Kings
of Comedy'
Steve Harvey
29%
'The Original Kings
of Comedy'
D.L. Hughley
17.8%
Remove Ads.
Support Sporcle.
Get the best of Sporcle when you Go Orange. This ad-free experience offers more features, more stats, and more fun while also helping to support Sporcle. Thank you for becoming a member.

You're not logged in!

Compare scores with friends on all Sporcle quizzes.
OR
Log In

Show Comments

Extras

Top Quizzes Today


Score Distribution

Your Account Isn't Verified!

In order to create a playlist on Sporcle, you need to verify the email address you used during registration. Go to your Sporcle Settings to finish the process.

Report this User

Report this user for behavior that violates our Community Guidelines.

Details: